Cinéma - Reliez 50 films au type de lieu principal de l'action - Statistiques

Statistiques générales
  • Ce quiz a été pris 286 fois
  • Le résultat moyen est 26 sur 50
Statistiques - réponses
Hint Réponse % Correct
Titanic (1997) Bateau
88%
Dernier train pour Busan (2016) Train
88%
Taxi (1998) Voiture
87%
Le Crime de l'Orient-Express (2017) Train
85%
L'Ascenseur (1983) Ascenseur
84%
Elevator (2011) Ascenseur
82%
L'Ascenseur : Niveau 2 (2001) Ascenseur
82%
Chambre 1408 (2007) Hotel ou Motel
81%
Seul au monde (2000) Ile déserte ou presque
81%
Le Tueur de l'autoroute (2020) Voiture
81%
The Social Network (2010) Campus/ Ecole universitaire
79%
Capitaine Phillips (2013) Bateau
75%
Shining (1980) Hotel ou Motel
75%
Le Cercle des poètes disparus (1989) Campus/ Ecole universitaire
74%
Moby Dick (1956) Bateau
71%
Anacondas : À la poursuite de l'orchidée de sang (2004) Jungle
71%
Conjuring - Les Dossiers Warren (2013) Maison hantée
71%
La Plage (2000) Ile déserte ou presque
70%
Paranormal Activity (2007) Maison hantée
68%
The Faculty (1998) Campus/ Ecole universitaire
66%
Le Dernier Pub avant la fin du monde (2013) Bar
65%
Cocktail (1988) Bar
65%
Snowpiercer : Le Transperceneige (2013) Train
64%
Psychose (1960) Hotel ou Motel
61%
Apocalypse Now (1979) Jungle
61%
En pleine tempête (2000) Bateau
60%
Poltergeist (1982) Maison hantée
59%
Scream 2 (1997) Campus/ Ecole universitaire
53%
Buried (2010) Cercueil
51%
Les Autres (2001) Maison hantée
49%
Sinister (2012) Maison hantée
49%
Happy Birthdead (2017) Campus/ Ecole universitaire
43%
Lost in Translation (2003) Hotel ou Motel
43%
The Green Inferno (2013) Jungle
36%
The Passenger (2018) Train
36%
Duel (1971) Voiture
35%
Battle Royale (2000) Ile déserte ou presque
34%
Cannibal Holocaust (1980) Jungle
31%
Coyote Girls (2000) Bar
30%
Six jours, sept nuits (1998) Ile déserte ou presque
30%
Triangle (2009) Bateau
28%
Une nuit en enfer (1996) Bar
23%
Identity (2003) Hotel ou Motel
23%
Aguirre - La colère de Dieu (1972) Jungle
20%
Wilderness (2007) Ile déserte ou presque
11%
Devil (2010) Ascenseur
9%
Feast (2005) Bar
9%
Appel inconnu (2015) Voiture
6%
Howl (2015) Train
3%
The End ? (2017) Ascenseur
2%
Aucun quiz correspondant
Distribution des résultats
% des personnes avec chaque résultat
Percentile par nombre de réponses
Votre historique - résultats
Vous n’avez pas pris ce quiz